00830nam a2200217 a 4500001001000000003000400010005001700014008004100031040002500072082002200097100002800119245007500147260004900222300002000271590002800291651004200319910003700361942001400398952018300412999001700595000032653OSt20201126143534.0110725s1913 dr 000 0 spa d aDO-SdBNPbspacBNPHU 4a342.73bL215a2221 aLamarche, José95854010aAlgunas palabras sobre la constitución Americana /cJosé Lamarche. aSanto Domingo :bImp. Escobar y Cia.,c1913. a26 p. ;c24 cm. aInventariado, 2019 / DG 4aEstados UnidosxConstitución977444 aValidado. Control de calidad MFF 2ddccLBS1 00102ddc718RVaPDbPDcHDd2011-07-25iLF1l0o342.73 L215ap32653-10r2020-06-25w2020-06-25y1z Perteneció a la biblioteca personal de Carlos Larrazábal Blanco. c32144d32144